01017nam a2200229 i 450000100060000000300090000600500170001500700030003200800410003510000430007624501240011926000510024330000350029449000620032950000670039170000370045871000540049583000700054985200310061999900170065095201200066735154ES-MaACL20250930063042.0t|030212s1946 mx ||||1| spa d1 aBolívar, Simón, d1783-183092996410aBolívar en México b: 1799-1832 / cSimón Bolívar ; compilación, prólogo y notas de Rafael Heliodoro Valle. aMéxico : b[s.n., c1946] (fImprentas L.D.) aXXIII, P. 28-141 p. ; c24 cm.1 aPublicación de la Secretaría de Relaciones Exteriores aPrecede al tít.: Archivo Histórico Diplomático Mexicano.1 aValle, Rafael Heliodoro.91127752 aArchivo Histórico Diplomático Mexicano.914450 aPublicación de la Secretaría de Relaciones Exteriores9229530 aES-MaACLjC-5555 bR.26104 c35154d35154 00104070aATENEOMbATENEOMcSPALd2008-01-17eSCl0oC-5555p1036765r2023-02-23 00:00:00w2023-02-23yMONOGRAFIA